000 01501ngm a2200373 a 4500
003 BLK
005 20240612102435.0
008 180410b bul||n||s|||||||| mlbulo|
010 _aCDD00004806000
040 _aBLK
041 _aDEU
_cDEU
080 _aХудожествени филмови жанрове
_b791.221/.228
_x(430)(092)
_z791.221/.228(430)(092)
080 _b929 Фасбиндер, Райнер Вернер
_z929 Фасбиндер, Райнер Вернер
245 1 0 _aIch will nicht nur, dass ihr mich liebt [DVD видео]
_bRainer Werner Fassbinder : Filmemacher : Dokumentarfilm
_cdrehbuchaut. und reg. Hans Gunther Pflaum.
257 _aDEU
260 _bGoethe Inst.
_cs.a.
_g1992
_aMunchen
300 _a1 DVD
_bPAL : цв.
_c12 см
380 _a7
490 _aFassbinder-Edition
600 1 4 _aФасбиндер, Райнер Вернер
_9133500
650 4 _aКинорежисьори, немски - биографии
_9276133
650 4 _aФасбиндер, Райнер Вернер - биографии
_9175181
653 _aРайнер Вернер Фасбиндер
653 _aнемски кинорежисьори
700 1 _aPflaum, Hans Gunther
_edrehbuchaut. und reg.
_9354843
760 1 _t
852 _aЦб CD 2824
_p0
856 4 _qpdf
_u
856 4 _qpdf
_u
942 _cCDD
_n0
944 _aCR
_c13.05.2011
_k30542
_lРусанова Ирена
999 _c222844
_d222844
999 _d222844